God's masterpiece (Record no. 38209)

MARC details
000 -LEADER
fixed length control field 00601cam a22002171 4500
001 - CONTROL NUMBER
control field med47000896
003 - CONTROL NUMBER IDENTIFIER
control field DLC
005 - DATE AND TIME OF LATEST TRANSACTION
control field 20260227111601.0
008 - FIXED-LENGTH DATA ELEMENTS--GENERAL INFORMATION
fixed length control field 810725s1946 xx 000 0 eng
010 ## - LIBRARY OF CONGRESS CONTROL NUMBER
LC control number med47000896
035 ## - SYSTEM CONTROL NUMBER
System control number (OCoLC)14750719
040 ## - CATALOGING SOURCE
Original cataloging agency DLC
Transcribing agency DNLM
Modifying agency OCedC
-- DLC
042 ## - AUTHENTICATION CODE
Authentication code premarc
050 00 - LIBRARY OF CONGRESS CALL NUMBER
Classification number QP38
Item number .B78
060 0# - NATIONAL LIBRARY OF MEDICINE CALL NUMBER
Classification number QT 180
Item number B877g 1946
100 1# - MAIN ENTRY--PERSONAL NAME
Personal name Brown, Arthur I.
Fuller form of name (Arthur Isaac),
Dates associated with a name 1897-
245 10 - TITLE STATEMENT
Title God's masterpiece
Remainder of title man's body ...
260 ## - PUBLICATION, DISTRIBUTION, ETC.
Place of publication, distribution, etc. Findlay, Ohio,
Name of publisher, distributor, etc. Fundamental truth pub.
Date of publication, distribution, etc. [c1946]
300 ## - PHYSICAL DESCRIPTION
Extent 352 p.
650 #0 - SUBJECT ADDED ENTRY--TOPICAL TERM
Topical term or geographic name entry element Physiology
General subdivision Popular works.

No items available.

Powered by Koha